Poverty and Equity in Healthcare Finance (Record no. 510)

000 -LEADER
fixed length control field 00723nam a22002057a 4500
003 - CONTROL NUMBER IDENTIFIER
control field OSt
005 - DATE AND TIME OF LATEST TRANSACTION
control field 20210420070706.0
008 - FIXED-LENGTH DATA ELEMENTS--GENERAL INFORMATION
fixed length control field 201127s2006 ||||| |||| 00| 0 eng d
020 ## - INTERNATIONAL STANDARD BOOK NUMBER
International Standard Book Number 9639419966
020 ## - INTERNATIONAL STANDARD BOOK NUMBER
International Standard Book Number 9789639419964
040 ## - CATALOGING SOURCE
Original cataloging agency eng
Language of cataloging eng
Transcribing agency DLC
080 ## - UNIVERSAL DECIMAL CLASSIFICATION NUMBER
Universal Decimal Classification number 614
Item number S-53
100 ## - MAIN ENTRY--PERSONAL NAME
9 (RLIN) 436
Personal name Shakarishvili, George
245 ## - TITLE STATEMENT
Title Poverty and Equity in Healthcare Finance
Remainder of title : Analyzing Post-Soviet Healthcare Reform
Statement of responsibility, etc. / by: Local Government and Public Service Reform Initiative
260 ## - PUBLICATION, DISTRIBUTION, ETC.
Place of publication, distribution, etc. Budapest
Name of publisher, distributor, etc. Local Government and Public Service Reform Initiative
Date of publication, distribution, etc. 2006
300 ## - PHYSICAL DESCRIPTION
Extent 91 p.
Other physical details ill.
650 #0 - SUBJECT ADDED ENTRY--TOPICAL TERM
9 (RLIN) 337
Topical term or geographic name entry element Public Health
653 ## - INDEX TERM--UNCONTROLLED
Uncontrolled term საზოგადოებრივი ჯანდაცვა
942 ## - ADDED ENTRY ELEMENTS (KOHA)
Source of classification or shelving scheme
Koha item type Books
Holdings
Withdrawn status Lost status Source of classification or shelving scheme Damaged status Not for loan Permanent location Current location Date acquired Inventory number Total Checkouts Full call number Barcode Date last seen Price effective from Koha item type
          Ken Walker International University Ken Walker International University 11/27/2020 1272   614 S-53 1272 11/27/2020 11/27/2020 Books

Powered by Koha